00358pab a2200145 454500008004000000100001900040245004400059260000900103300001300112362001100125650001200136650001100148700001900159773003400178180718b2011 xxu||||| |||| 00| 0 eng d aSingh, Jyotsna aMaruti workers speak about their strike c2011 ap.12-13. a13 Aug aWorkers aStrike aSawhney, Nakul aEconomic and Political Weekly